Дело об освобождении от обязательной службы бывшего учителя Бердичевского казенного еврейского училища Маргольеша и вообще воспи...

Доступно только в Электронных читальных залах Найти на картеНа карте
RUSMARC
00003796nmc2a22002413x 450
0010130fdf4-507a-464f-b533-bcb156d0a848
00520210825075716.0
100##$a20210322l18741874k l0rusy0189 ca
1010#$arus
102##$aRU
105##$ay###
1222#$ad
2001#$aДело об освобождении от обязательной службы бывшего учителя Бердичевского казенного еврейского училища Маргольеша и вообще воспитанников педагогического отделения бывших раввинских училищ
$j2 мая - 1 июня 1874 г.
215##$a6 л.
$d36,5х26 см
251##$cДело
300##$aДело
371##$aДокумент не является опубликованным и широко распространяемым
461#0$1001a74412a3-3cc5-4d21-8f0a-dfe2fbd9e72d
$12001
$aДепартамент народного просвещения Министерства народного просвещения (1803-1917)
$1251
$cФонд
$1852
$j733
462#0$1001208a61b7-2020-4ed4-afdc-eeb27c3654e1
$12001
$aДела Департамента народного просвещения по части образования евреев (1863-1892 гг.)
$1251
$cОпись
$1852
$j189
801#0$aRU
$bРГИА
$c20210322
$gRCR
801#1$aRU
$bГлавНИВЦ
$c20210322
$2rusmarc
801#2$aRU
$bПБ им. Б.Н. Ельцина
$c20210825
$gRCR
$2rusmarc
850##$aРГИА
852##$aРГИА
$eФедеральное казенное учреждение "Российский государственный исторический архив" (РГИА)
$j505
937##$hРГИА
$d12362502
$aASBIBLIO_SCAN
035##$aRusGRCC00025883
856##$uhttp://readingroom.main.prlib.ru/item.aspx?id_node=n167728834&mode=full
Формат отображения